ბათუმის შოთა რუსთაველის სახელმწიფო უნივერსიტეტის ბიბლიოთეკა

Техника лабораторных работ. (ბიბ.ჩანაწერი № 37454)

000 -LEADER
fixed length control field 00635nam a2200217Ia 4500
001 - CONTROL NUMBER
control field 3415
003 - CONTROL NUMBER IDENTIFIER
control field GE_BSU
008 - FIXED-LENGTH DATA ELEMENTS--GENERAL INFORMATION
fixed length control field 181216s||||||||xx |||||||||||||| ||und||
040 ## - CATALOGING SOURCE
Transcribing agency GE_BSU
080 ## - UNIVERSAL DECIMAL CLASSIFICATION NUMBER
Universal Decimal Classification number 542.1(076)
100 ## - MAIN ENTRY--PERSONAL NAME
Personal name Воскресенский,П.И.
245 ## - TITLE STATEMENT
Title Техника лабораторных работ.
245 ## - TITLE STATEMENT
Statement of responsibility, etc. Ред. Л.Н.Одерберг.
250 ## - EDITION STATEMENT
Edition statement Изд 9-е.переработанное и дополненное.
260 ## - PUBLICATION, DISTRIBUTION, ETC.
Place of publication, distribution, etc. Л.
260 ## - PUBLICATION, DISTRIBUTION, ETC.
Name of publisher, distributor, etc. Химия.
260 ## - PUBLICATION, DISTRIBUTION, ETC.
Date of publication, distribution, etc. 1970.
300 ## - PHYSICAL DESCRIPTION
Extent 720стр.23см.
653 ## - INDEX TERM--UNCONTROLLED
Uncontrolled term Техника лабораторных работ.
942 ## - ADDED ENTRY ELEMENTS (KOHA)
Koha item type წიგნი
ეგზემპლარები
Withdrawn status Lost status Damaged status Not for loan Date acquired Barcode Date last seen Price effective from Koha item type
        2018-12-17 9583 2018-12-17 2018-12-17 წიგნი